Etudes historiques et figures alsaciennes / (Record no. 34813)

MARC details
000 -LEADER
campo de control de longitud fija 00761nam a2200169 i 4500
001 - NÚMERO DE CONTROL
campo de control 34813
003 - IDENTIFICADOR DE NÚMERO DE CONTROL
campo de control ES-MaACL
005 - FECHA Y HORA DE LA ÚLTIMA TRANSACCIÓN
campo de control 20230906155012.0
007 - CAMPO FIJO DE DESCRIPCIÓN FÍSICA--INFORMACIÓN GENERAL
campo de control de longitud fija t|
008 - DATOS DE LONGITUD FIJA--INFORMACIÓN GENERAL
campo de control de longitud fija 030211s1919 fr ||||1| fre d
100 1# - ENTRADA PRINCIPAL--NOMBRE DE PERSONA
Nombre de persona Bossert, Adolphe.
9 (RLIN) 30714
245 10 - MENCIÓN DEL TÍTULO
Título Etudes historiques et figures alsaciennes /
Mención de responsabilidad, etc. Adolphe Bossert.
260 ## - PUBLICACIÓN, DISTRIBUCIÓN, ETC.
Lugar de publicación, distribución, etc. París :
Nombre del editor, distribuidor, etc. [s.n.,
Fecha de publicación, distribución, etc. 1919] (
Lugar de fabricación/manufactura Saint-Germain :
Fabricante Levoy)
300 ## - DESCRIPCIÓN FÍSICA
Extensión 294 p. ;
Dimensiones 19 cm.
505 8# - NOTA DE CONTENIDO CON FORMATO
Nota de contenido con formato Contiene: Avant et apres Jena. Kant et la paise perpetuelle. La politique francaise de Goethe. Goethe continuater d'Homere. Goethe a l'ecole de Voltaire. Madame Lucifer. La decadence du sens historique en Allemagne. Erckman Chatrian. La legende de Sainte Obile. Heracle de Lausperg. Para Oberlin
852 ## - LOCALIZACIÓN
Ubicación ES-MaACL
Número de control de estantería F-10748
Holdings
Estatus retirado Estado de pérdida Estado de daño No para préstamo Biblioteca de origen Biblioteca actual Ubicación en estantería Fecha de adquisición Fuente de adquisición Total de préstamos Signatura topográfica completa Código de barras Visto por última vez Precio de reemplazo Tipo de ítem Koha
        Biblioteca del Ateneo de Madrid Biblioteca del Ateneo de Madrid Sala Pecera Planta 2 17/01/2008     F-10748 1036338 23/02/2023 23/02/2023 Libro impreso